000 02205cam a22005054i 4500
003 PE-LiUPU
005 20250731173451.0
008 150616s r 000 0 d
020 _a0899576524
035 _a(Sirsi) i9780899576527
040 _aPE-LiUPU
_bspa
_cPE-LiUPU
_erda
049 _aPRUA
082 0 4 _a220.5
_bZ84
_221
130 1 _aBiblia.
_pN.T.
_lInglés.
_sAutorizada.
_f1991.
245 1 4 _aThe complete word study New Testament :
_bKing James Version /
_ccompilado y editado por Spiros Zodhiates.
264 1 _aChattanooga, TN. :
_bAMG Publishers,
_c1992.
300 _a1217 páginas ;
_c23 centímetros
336 _atext
_2rdacontent
337 _aunmediated
_2rdamedia
338 _avolume
_2rdacarrier
500 _aPalabras en el texto codificadas numéricamente para el diccionario griego de Strong, introducción a cada libro, notas exegéticas, códigos gramaticales en el texto, ayudas léxicas, concordancia griega, índice de referencia traslacional y diccionario griego de Strong
505 0 _aThe New Testament -- Study Helps: Grammatical Codes -- Grammatical Notations -- List of irregular adverbs -- Guide to transliteration -- Lexical aids to the New Testament -- Greek Concordance -- Translational reference Index -- scripture index -- Strong`s Dictionary.
526 _aSEG42
526 _aSEG41
526 _aSEG40
526 _aSEG39
526 _aP94
526 _aP87
526 _aP86
526 _aP85
526 _aP77
526 _aP76
526 _aP35
630 _aBiblia.
_pN.T.
_lInglés.
_sAutorizada.
_f1991.
630 _aBiblia.
_pN.T.
_xConcordancias, Griego.
700 1 _aZodhiates, Spiros,
_ecompilador.
700 1 _aStrong, James,
_d1822-1894.
910 _ajck
_bjvq
_cjck
942 _2ddc
_cBOOK
949 _a220.5 Z84
_wDEWEY
_c1
_i39851
_lCCODEBUL1
_mBUL
_r0
_sY
_tBOOK
_u2015-6-16
_xTEOLOGIA
_zUNKNOWN
_0COMPRA
_o.STAFF. Colección General
994 _aC0
_bPEPRU
596 _a1
999 _a220.5 Z84
_wDEWEY
_c57624
_i39851
_f2021-11-9
_g5
_lCCODEBUL1
_mBUL
_r0
_sY
_tBOOK
_u2015-6-16
_xTEOLOGIA
_zUNKNOWN
_0COMPRA
_o.STAFF. Colección General
_d57624
980 _81
_gALBERTO SANCHEZ Responsable de Automatización